000 00734nam a22001937a 4500
005 20251108170901.0
008 250721s1997 xx 000 0 ara d
082 1 4 _a211.2/عثم
100 1 _aعثمان، حسني شيخ
_eمؤلف
245 1 0 _aتجويد الفاتحة وعشر سور قصار من خواتم القرآن الكريم مع ما يتعلق بالصلاة من أحكام التجويد على رواية حفص بن عاصم من طريق الشاطيبة /
264 1 _aجدة :
_bدار المنارة،
_c1997.
300 _a183
650 1 7 _aالأسلام
650 1 7 _aالقرآن
650 1 7 _aأحكام التجويد
650 1 7 _aسورة القرآن
942 _2ddc
_cBK
999 _c51288
_d51288